Los perplejos
Gorde:
| Egile nagusia: | |
|---|---|
| Formatua: | Liburua |
| Hizkuntza: | ingelesa gaztelania |
| Argitaratua: |
Las Condes, Chile
Sangría
2009
|
| Saila: | Narrativas contemporáneas,
|
| Gaiak: | |
| Etiketak: |
Etiketa erantsi
Etiketarik gabe, Izan zaitez lehena erregistro honi etiketa jartzen!
|
MARC
| LEADER | 00000nam a22000007a 4500 | ||
|---|---|---|---|
| 003 | CL-VaPUC | ||
| 005 | 20230531074426.0 | ||
| 008 | 210304b ||||| |||| 00| 0 eng d | ||
| 999 | |c 432613 |d 432611 | ||
| 020 | |a 9789568681043 | ||
| 040 | |c Pontificia Universidad Católica de Valparaíso | ||
| 041 | 0 | |a spa | |
| 082 | 0 | 4 | |2 21 |a Ch863 RIM 2009 |
| 100 | 1 | |a Rimsky Mitnik, Cynthia |9 859824 | |
| 245 | |a Los perplejos | ||
| 260 | 3 | |a Las Condes, Chile |b Sangría |c 2009 | |
| 300 | |a 385 páginas | ||
| 440 | |a Narrativas contemporáneas, |n 2 |9 859825 | ||
| 583 | |c 20210304 |k Cristina Rojas | ||
| 650 | 0 | 0 | |a Novelas chilenas |9 265425 |
| 650 | 0 | 0 | |a Literatura chilena |9 308278 |
| 942 | |2 ddc |c BK | ||
| 952 | |0 0 |1 0 |2 ddc |4 0 |6 CH_863_000000000000000_RIM_2009 |7 0 |8 A |9 577614 |a FDOPOS |b FDOPOS |d 2021-03-04 |i 5620708 |o Ch863 RIM 2009 |p 5620708 |r 2025-01-22 |t 1 |w 2021-03-04 |y BK |k MEL | ||